A Study on the Xiuxing of Contemporary Horchin Mongolian Shamanism

Research has been carried out on the procedures for recruiting and training shamans among the Horchin (mainly in Tongliao City, China). This well-known problem is crucial to the development of Horchin shamanism. If a potential shaman wants to complete the transition from an ordinary person to a sham...

Full description

Saved in:  
Bibliographic Details
Authors: Lun, Yumin (Author) ; Dong, Xiaomei (Author)
Format: Electronic Article
Language:English
Check availability: HBZ Gateway
Interlibrary Loan:Interlibrary Loan for the Fachinformationsdienste (Specialized Information Services in Germany)
Published: [2019]
In: Religions
Year: 2019, Volume: 10, Issue: 2, Pages: 1-10
Further subjects:B Horchin Mongolian
B Xiuxing
B inheritance of teachers' spirit
B Shamanism
B Human Nature
B duty and obligation
Online Access: Volltext (doi)
Volltext (kostenfrei)

MARC

LEADER 00000naa a22000002c 4500
001 1671269209
003 DE-627
005 20190813131030.0
007 cr uuu---uuuuu
008 190813s2019 xx |||||o 00| ||eng c
024 7 |a 10.3390/rel10020112  |2 doi 
035 |a (DE-627)1671269209 
035 |a (DE-599)KXP1671269209 
040 |a DE-627  |b ger  |c DE-627  |e rda 
041 |a eng 
084 |a 0  |2 ssgn 
100 1 |a Lun, Yumin  |e VerfasserIn  |4 aut 
245 1 2 |a A Study on the Xiuxing of Contemporary Horchin Mongolian Shamanism  |c Yumin Lun 
264 1 |c [2019] 
336 |a Text  |b txt  |2 rdacontent 
337 |a Computermedien  |b c  |2 rdamedia 
338 |a Online-Ressource  |b cr  |2 rdacarrier 
520 |a Research has been carried out on the procedures for recruiting and training shamans among the Horchin (mainly in Tongliao City, China). This well-known problem is crucial to the development of Horchin shamanism. If a potential shaman wants to complete the transition from an ordinary person to a shaman, they need to repeat religious practices, progress spiritually, learn, and deal well with the role between their daily life and religious life. This process of Xiuxing is full of hardship. However, the issues surrounding the requirements, influencing factors, and evaluation criteria has received little attention. We have been conducting fieldwork in the Horchin area since 2013, have continuously tracked and interviewed more than 100 shamans and prospective shamans, and have obtained much fieldwork data. Through the collation, induction, and comparative study of these materials, we found that Horchin shamans are required to study the knowledge and skills of shamanism, respect their teacher, obey their principles, fulfill the duties and obligations of a shaman, and devote their lives to serving the local community. We also found that Horchin shamans are struggling to adapt their religious practices to the belief systems of the contemporary Chinese world. We also found that it is believed that, in the region, a successful shamanic career presupposes not only knowledge of rituals but also compassionate and principled behavior with respect to the clients and the community. 
650 4 |a Horchin Mongolian 
650 4 |a Xiuxing 
650 4 |a duty and obligation 
650 4 |a Human Nature 
650 4 |a inheritance of teachers' spirit 
650 4 |a Shamanism 
700 1 |a Dong, Xiaomei  |e VerfasserIn  |4 aut 
773 0 8 |i Enthalten in  |t Religions  |d Basel : MDPI, 2010  |g 10(2019), 2, Seite 1-10  |h Online-Ressource  |w (DE-627)665435797  |w (DE-600)2620962-7  |w (DE-576)348219067  |x 2077-1444  |7 nnas 
773 1 8 |g volume:10  |g year:2019  |g number:2  |g pages:1-10 
856 |u https://www.mdpi.com/2077-1444/10/2/112/pdf?version=1550232239  |x unpaywall  |z Vermutlich kostenfreier Zugang  |h publisher [deprecated] 
856 4 0 |u https://www.mdpi.com/2077-1444/10/2/112  |x Resolving-System  |z kostenfrei  |3 Volltext  |7 0 
856 |u https://doi.org/10.3390/rel10020112  |x doi  |3 Volltext 
951 |a AR 
ELC |a 1 
LOK |0 000 xxxxxcx a22 zn 4500 
LOK |0 001 3506761544 
LOK |0 003 DE-627 
LOK |0 004 1671269209 
LOK |0 005 20190813131030 
LOK |0 008 190813||||||||||||||||ger||||||| 
LOK |0 040   |a DE-Tue135  |c DE-627  |d DE-Tue135 
LOK |0 092   |o n 
LOK |0 852   |a DE-Tue135 
LOK |0 852 1  |9 00 
LOK |0 935   |a ixzs  |a ixzo 
LOK |0 939   |a 13-08-19  |b l01 
OAS |a 1 
ORI |a SA-MARC-ixtheoa001.raw 
REL |a 1 
SUB |a REL